| 000 | 03461cam a2200409 i 4500 | ||
|---|---|---|---|
| 001 | 19220790 | ||
| 005 | 20240229103910.0 | ||
| 008 | 160808s2017 nyua b 001 0 eng | ||
| 010 | _a 2016025175 | ||
| 020 | _a9781138947573 | ||
| 038 | _aMalang Jan | ||
| 040 |
_aDLC _beng _cDLC _erda _dDLC |
||
| 042 | _apcc | ||
| 043 | _aas----- | ||
| 050 | 0 | 0 |
_aGF660 _b.C85 2017 |
| 082 | 0 | 0 |
_a363.690954 _223 _bCUL |
| 245 | 0 | 0 |
_aCultural landscapes of South Asia : _bstudies in heritage conservation and management / _cedited by Kapila D. Silva and Amita Sinha. |
| 264 | 1 |
_aNew York, NY : _bRoutledge,Taylor & Francis Group, _c2017. |
|
| 300 |
_axix, 276 pages : _billustrations ; _c24 cm. |
||
| 336 |
_atext _btxt _2rdacontent |
||
| 337 |
_aunmediated _bn _2rdamedia |
||
| 338 |
_avolume _bnc _2rdacarrier |
||
| 490 | 0 | _aRoutledge research in landscape and environmental design | |
| 504 | _aIncludes bibliographical references and index. | ||
| 505 | 0 | _aPrologue : Imagining the Future of Conservation in South Asia / Rahul Mehrotra -- Conservation of Cultural Landscapes in Bhutan / Françoise Pommaret -- Blurring Boundaries and Moving Beyond the Tangible/Intangible and the Natural/Cultural Classifications of Heritage : Cases from Nepal / Neel Kamal Chapagain -- Cultures of the Landscape : A Paradigm of Enriching Diversity Un-recognized in the World Vision of Heritage in Pakistan / Anila Naeem -- The South Asian Shahar : Reimagining Shahariyat as Urban heritage / Jyoti Pandey Sharma -- The Historic Urban Landscape of Old Dhaka, Bangladesh / Farhana Ferdous -- "All the world coming and going" : the past and future of the Grand Trunk Road in Punjab, India / Manish Chalana -- The Modernist Historic Urban Landscape of Islamabad, Pakistan / Farhan Karim -- The Landscape Theatre of Sigiriya, Sri Lanka : Interaction of the Regal, Natural and Agricultural Landscapes / Nilan Cooray -- The symbolic authenticity of Kandy, Sri Lanka / Kapila D. Silva -- The Cultural Landscape of Pohela Boishakh Festival and the Making of a National Identity in Bangladesh / Nubras Samayeen and Sharif Shams Imon -- Tourism, Liquid Modernity and Bhutanese Traditional Festivals / Wantanee Suntikul -- Bhaktapur, Nepal : Heritage Values and Conservation Practices / Kapila D. Silva -- Getting the City Back to its People : Conservation and Management of Historic Ahmedabad, India / Debashish Nayak -- The Public Realm of Heritage Sites in India : Sustainable Approaches Towards Planning and Management / Amita Sinha -- Grounded Speculations on Cultural Landscape Conservation / Amita Sinha -- Epilogue : Prospects for Conserving South Asian Cultural Landscapes / Kapila D. Silva. | |
| 650 | 0 |
_aCultural landscapes _zSouth Asia _vCase studies. _9121650 |
|
| 650 | 0 |
_aHistoric sites _xConservation and restoration _zSouth Asia _vCase studies. _9121651 |
|
| 650 | 0 |
_aHistoric sites _zSouth Asia _xManagement _vCase studies. _9121652 |
|
| 650 | 0 |
_aHistoric preservation _zSouth Asia _vCase studies. _9121653 |
|
| 650 | 0 |
_aCultural property _xProtection _zSouth Asia _vCase studies. _9121654 |
|
| 650 | 0 |
_aCultural property _zSouth Asia _xManagement _vCase studies. _9121655 |
|
| 700 | 1 |
_aSilva, Kapila D., _eeditor. _9121656 |
|
| 700 | 1 |
_aSinha, Amita, _eeditor. _9121146 |
|
| 906 |
_a7 _bcbc _corignew _d1 _eecip _f20 _gy-gencatlg |
||
| 942 |
_2ddc _cBK |
||
| 999 |
_c608466 _d608466 |
||